000 007420000a22002050004500
020 _a84-7426-048-5
041 0 _aSPA
082 0 4 _aG 173 S8555p
100 1 _aStierlin, Helm
245 1 0 _aPsicoanálisis y terapia de familia / Helm Stierlin ; Pedro Madrigal, Traductor
260 _aBarcelona, España : Icaria
300 _a272 Pag.
505 0 0 _ael impulso hacia la terapia familiar. el problema de la esquizofrenia -- dinámica familiar y proceso de separación -- sobre teoría práctica de la terapia familiar
650 1 4 _aPSICOTERAPIA FAMILIAR \ PSICOANALISIS \ ESQUIZOFRENIA
001 1245
942 _cBK
999 _c32568
_d32568
336 _atexto
_btxt
_2rdacontent
337 _2rdamedia
_asin mediación
_bn
338 _2rdacarrier
_avolumen
_bnc